Les grands noms de l'Histoire de France #Moyen - Statistiques

Statistiques générales
  • Ce quiz a été pris 213 fois
  • Le résultat moyen est 10 sur 16
Statistiques - réponses
Par images Réponse % Correct
Marie Curie
95%
Simone Veil
95%
Victor Hugo
95%
Pompidou
86%
Louis Pasteur
81%
Napoleon III
81%
Molière
70%
Mazarin
67%
Louis IX
61%
George Clemenceau
54%
Louis XIII
54%
Danton
53%
Descartes
43%
Colbert
26%
Joachim Murat
21%
Claude Monet
8%
Aucun quiz correspondant
Distribution des résultats
% des personnes avec chaque résultat
Percentile par nombre de réponses
Votre historique - résultats
Vous n’avez pas pris ce quiz